|
|
|
|
| LEADER |
00966cam a2200265 7i4500 |
| 001 |
0000063413 |
| 005 |
20211028090000.0 |
| 020 |
|
|
|a 9780429441578 (electronic book)
|
| 020 |
|
|
|a 9781138338623
|
| 090 |
0 |
0 |
|a HB74.P8
|b .C37 2019
|
| 100 |
1 |
|
|a Caporale Madi, Maria Alejandra
|
| 245 |
1 |
0 |
|a The dark side of nudges
|c by Maria Alejandra Caporale Madi.
|
| 264 |
|
|
|a New York, NY:
|b Routledge,
|c 2019.
|
| 300 |
|
|
|a 1 online resource (viii, 107 pages):
|b text file, PDF.
|
| 336 |
|
|
|a text
|2 rdacontent
|
| 337 |
|
|
|a computer
|2 rdamedia
|
| 338 |
|
|
|a online resource
|2 rdacarrier
|
| 650 |
0 |
0 |
|a Economics --
|x Psychological aspects
|
| 650 |
0 |
0 |
|a Policy sciences --
|x Psychological aspects.
|
| 655 |
0 |
0 |
|a Electronic books
|
| 856 |
4 |
2 |
|u http://library.unisel.edu.my/web/guest/mylibrary
|
| 997 |
|
|
|a Business & Accountancy, Faculty
|
| 998 |
|
|
|a Business Management, Diploma
|
| 998 |
|
|
|a Business Management, Degree
|
| 999 |
|
|
|a EBO0008176
|b EBOOK
|c EBOOK
|e Electronic resources
|